Fundamentals of complex analysis with applications to engineering, science, and mathematics / (Record no. 28773)

000 -LEADER
fixed length control field 00575 a2200193 4500
003 - CONTROL NUMBER IDENTIFIER
control field NUST
005 - DATE AND TIME OF LATEST TRANSACTION
control field 20180117112402.0
008 - FIXED-LENGTH DATA ELEMENTS--GENERAL INFORMATION
fixed length control field 180117b xxu||||| |||| 00| 0 eng d
020 ## - INTERNATIONAL STANDARD BOOK NUMBER
International Standard Book Number 9780139078743
020 ## - INTERNATIONAL STANDARD BOOK NUMBER
International Standard Book Number 9780139078743
040 ## - CATALOGING SOURCE
Transcribing agency NUST
082 04 - DEWEY DECIMAL CLASSIFICATION NUMBER
Classification number 515
100 1# - MAIN ENTRY--PERSONAL NAME
Personal name Saff, Edward B.
9 (RLIN) 8527
245 10 - TITLE STATEMENT
Title Fundamentals of complex analysis with applications to engineering, science, and mathematics /
Statement of responsibility, etc. Edward B. Saff, Arthur David Snider.
250 ## - EDITION STATEMENT
Edition statement 3nd ed.
260 ## - PUBLICATION, DISTRIBUTION, ETC.
Place of publication, distribution, etc. [S.l.] :
Name of publisher, distributor, etc. Prentice Hall,
Date of publication, distribution, etc. 1993
300 ## - PHYSICAL DESCRIPTION
Extent 563 p. ;
Dimensions 25 cm.
490 1# - SERIES STATEMENT
Series statement 2nd edition.
700 1# - ADDED ENTRY--PERSONAL NAME
Personal name Snider, Arthur David.
9 (RLIN) 8528
830 #0 - SERIES ADDED ENTRY--UNIFORM TITLE
Uniform title 2nd edition.
9 (RLIN) 8517
942 ## - ADDED ENTRY ELEMENTS (KOHA)
Institution code [OBSOLETE] SNS
Koha item type Book
Call number prefix 515 SAF
Source of classification or shelving scheme
Holdings
Withdrawn status Lost status Damaged status Not for loan Permanent Location Current Location Date acquired Total Checkouts Full call number Barcode Date last seen Date last checked out Price effective from Koha item type
        School of Natural Sciences (SNS) School of Natural Sciences (SNS) 05/26/2016 1 515 SAF SNS0000027 11/24/2022 09/24/2018 05/26/2016 Book
© 2023 Central Library, National University of Sciences and Technology. All Rights Reserved.